| 000 | 00887nam a22002417a 4500 | ||
|---|---|---|---|
| 999 |
_c20112 _d20112 |
||
| 003 | AR-CdUCM | ||
| 008 | 190527b ||||| |||| 00| 0 spa d | ||
| 020 | _a84-291-7084-7 | ||
| 040 |
_aMUNICIPALIDAD PROVINCIAL DEL CUSCO _cBIBLIOTECA MUNICIPAL DEL CUSCO |
||
| 041 | _heng | ||
| 082 |
_a540 / _bB94 |
||
| 100 |
_aButler, Ian S. y Grosser, Arthur E. : _942070 |
||
| 245 |
_aProblemas de química : _bAdaptados al curso de principios de química / |
||
| 260 |
_aEspaña : _bReverté, _c1976. |
||
| 300 |
_a463 páginas ; _bIlustraciones _c25 cm. |
||
| 505 | _aContenido: Átomos, moléculas y moles -- Las leyes de los gases y la teoría cinética -- Materia con carga -- Equilibrio químico... | ||
| 650 |
_aÁtomo _921055 |
||
| 650 |
_aQuímica _94512 |
||
| 650 |
_aTermodinámica _921683 |
||
| 700 |
_aRoyo, Pascual (traductor) _942071 |
||
| 942 |
_2ddc _cLIBROS |
||
| 945 | _aAndy | ||